Effects of dietary protein, water temperature and stocking density on performance of Tillapia Rentalli (Pisces: Cichlidae) Boulenger juveniles reared in indoor tanks (Record no. 41335)

MARC details
000 -LEADER
fixed length control field 00775nam a2200145 a 4500
008 - FIXED-LENGTH DATA ELEMENTS--GENERAL INFORMATION
fixed length control field 090720s2008 ||||||||||||||||| || u
050 ## - LIBRARY OF CONGRESS CALL NUMBER
Classification number CBU-PG THESIS/MUS
100 ## - MAIN ENTRY--PERSONAL NAME
Personal name Musuka, Confred Godfrey
245 10 - TITLE STATEMENT
Title Effects of dietary protein, water temperature and stocking density on performance of Tillapia Rentalli (Pisces: Cichlidae) Boulenger juveniles reared in indoor tanks
Statement of responsibility, etc. Supervised by Dr. J. S. Likongwe
260 ## - PUBLICATION, DISTRIBUTION, ETC.
Place of publication, distribution, etc. Bunga
Name of publisher, distributor, etc. University of Malawi, Bunga College of Agriculture, Postgrauate Department
Date of publication, distribution, etc. 2008
300 ## - PHYSICAL DESCRIPTION
Extent xiv, 127p. :ill.
350 ## - PRICE (NR) (BK AM CF MU VM SE) [OBSOLETE]
Price 0.00
650 ## - SUBJECT ADDED ENTRY--TOPICAL TERM
Topical term or geographic name entry element FISH-CULTURE--DEVELOPING COUNTRIES
995 ## - RECOMMENDATION 995 [LOCAL, UNIMARC FRANCE]
-- 0.00
-- CBU-MAIN LIBRARY (Kitwe)
-- 1
-- 0.00
-- 1
-- AVAILABLE
-- Jul 20, 2009
-- University Collection
Holdings
Withdrawn status Lost status Source of classification or shelving scheme Damaged status Not for loan Home library Current library Shelving location Date acquired Total Checkouts Full call number Barcode Date last seen Price effective from Koha item type
          CBU-MAIN LIBRARY, KITWE. CBU-MAIN LIBRARY, KITWE.   11/30/2022   CBU-PG THESIS/MUS Z03004373 11/30/2022 11/30/2022 MONOGRAPH